[Event "RUS-ch Seniors"]
[Site "Lesnoj Gorodok"]
[Date "2009.10.08"]
[Round "6"]
[White "Zhukov, Vladimir"]
[Black "Bobylev, Valentin"]
[Result "1-0"]
[WhiteElo "2204"]
[BlackElo "2103"]
[PlyCount "64"]
[EventDate "2009.10.03"]
[EventType "swiss"]
[EventRounds "9"]
[EventCountry "RUS"]
[SourceTitle "CBM 132 Extra"]
[Source "ChessBase"]
[SourceDate "2009.11.03"]
[SourceVersion "1"]
[SourceVersionDate "2009.11.03"]
[SourceQuality "1"]

1. e4 g6 2. d4 Bg7 3. Nc3 d6 4. f4 Nc6 5. Be3 Nf6 6. Nf3 a6 7. e5 Ng4 8. Bg1 b5 9. h3 Nh6 10. g4 Rb8 11. Be3 0-0 12. Qd2 Kh8 13. Ne2 b4 14. Ng3 Ng8 15. 0-0-0 dxe5 16. fxe5 f6 17. e6 Qd5 18. Bf4 Qxa2 19. Qe3 Qa1+ 20. Kd2 Qxb2 21. Bd3 f5 22. Ne2 Qa2 23. gxf5 gxf5 24. Rhg1 Qxe6 25. Qf2 Bh6 26. Qh4 Rf6 27. d5 Qxd5 28. Rxg8+ Qxg8 29. Bxh6 Be6 30. Nf4 Bf7 31. Rg1 Bg6 32. Nh5 Qf7 1-0

[Event "RUS-ch Seniors"]
[Site "Lesnoj Gorodok"]
[Date "2009.10.07"]
[Round "5"]
[White "Bobylev, Valentin"]
[Black "Ibragimov, Eduard"]
[Result "1-0"]
[WhiteElo "2103"]
[BlackElo "1933"]
[PlyCount "53"]
[EventDate "2009.10.03"]
[EventType "swiss"]
[EventRounds "9"]
[EventCountry "RUS"]
[SourceTitle "CBM 132 Extra"]
[Source "ChessBase"]
[SourceDate "2009.11.03"]
[SourceVersion "1"]
[SourceVersionDate "2009.11.03"]
[SourceQuality "1"]

1. e4 c6 2. d3 d6 3. c4 e5 4. f4 Qc7 5. Nc3 Nf6 6. Be2 h5 7. h3 g6 8. Nf3 Nbd7 9. Be3 Bg7 10. Qd2 b6 11. f5 Nf8 12. fxg6 Nxg6 13. b4 a6 14. a4 d5 15. exd5 cxd5 16. cxd5 Bb7 17. Rc1 Qd8 18. Bg5 Qd7 19. Qe3 Qd6 20. 0-0 Nxd5 21. Nxd5 Bxd5 22. Nd4 Qxb4 23. Nf5 Bf8 24. Bf3 e4 25. Kh1 Be6 26. Bxe4 Rb8 27. Bc6# 1-0

[Event "RUS-ch Seniors"]
[Site "Lesnoj Gorodok"]
[Date "2009.10.06"]
[Round "4"]
[White "Stoletov, Gennadi"]
[Black "Bobylev, Valentin"]
[Result "1-0"]
[WhiteElo "2280"]
[BlackElo "2103"]
[PlyCount "67"]
[EventDate "2009.10.03"]
[EventType "swiss"]
[EventRounds "9"]
[EventCountry "RUS"]
[SourceTitle "CBM 132 Extra"]
[Source "ChessBase"]
[SourceDate "2009.11.03"]
[SourceVersion "1"]
[SourceVersionDate "2009.11.03"]
[SourceQuality "1"]

1. e4 g6 2. d4 Bg7 3. Nc3 d6 4. Be3 c6 5. Bc4 Nf6 6. f3 d5 7. exd5 Nxd5 8. Nxd5 cxd5 9. Bb3 Nc6 10. Ne2 Na5 11. Qd2 0-0 12. Bh6 Nxb3 13. axb3 Bf5 14. Bxg7 Kxg7 15. 0-0 Qb6 16. Kh1 a5 17. Nc3 Rfd8 18. Rfe1 Rd7 19. g4 Be6 20. Na4 Qb5 21. Nc5 Rd6 22. Qg5 Re8 23. Qe5+ Kg8 24. Ne4 Rb6 25. Nc3 Qa6 26. Qc7 Kf8 27. Qe5 Kg8 28. Nxd5 Rb5 29. c4 Rxb3 30. Nc7 Qc6 31. d5 Qxc4 32. Nxe8 f6 33. Qxe6+ Kf8 34. Qxe7+ 1-0

[Event "RUS-ch Seniors"]
[Site "Odintsovo"]
[Date "2008.10.09"]
[Round "7"]
[White "Karasev, Vladimir I"]
[Black "Bobylev, Valentin"]
[Result "1-0"]
[WhiteElo "2412"]
[BlackElo "2188"]
[PlyCount "49"]
[EventDate "2008.10.02"]
[EventType "swiss"]
[EventRounds "9"]
[EventCountry "RUS"]
[SourceTitle "CBM 127 Extra"]
[Source "ChessBase"]
[SourceDate "2009.01.08"]
[SourceVersion "2"]
[SourceVersionDate "2009.01.28"]
[SourceQuality "1"]

1. d4 g6 2. c4 Bg7 3. Nc3 d6 4. e4 Nf6 5. f4 0-0 6. Nf3 b6 7. Bd3 Bb7 8. 0-0 c5 9. d5 a6 10. a4 Ne8 11. e5 Nd7 12. e6 fxe6 13. Ng5 Nc7 14. dxe6 Nf6 15. f5 gxf5 16. Bxf5 Qe8 17. Ra3 Qc6 18. Nce4 h6 19. Nxf6+ Rxf6 20. Bh7+ Kh8 21. Be4 d5 22. Rxf6 dxe4 23. Rxh6+ Kg8 24. Qh5 Qe8 25. Rh8+ 1-0

[Event "RUS-ch Seniors"]
[Site "Odintsovo"]
[Date "2008.10.02"]
[Round "1"]
[White "Chernikov, Oleg L"]
[Black "Bobylev, Valentin"]
[Result "1-0"]
[WhiteElo "2413"]
[BlackElo "2188"]
[PlyCount "78"]
[EventDate "2008.10.02"]
[EventType "swiss"]
[EventRounds "9"]
[EventCountry "RUS"]
[SourceTitle "CBM 127 Extra"]
[Source "ChessBase"]
[SourceDate "2009.01.08"]
[SourceVersion "2"]
[SourceVersionDate "2009.01.28"]
[SourceQuality "1"]

1. Nf3 Nf6 2. g3 g6 3. b3 Bg7 4. Bb2 0-0 5. Bg2 c5 6. c4 Nc6 7. 0-0 d6 8. d4 cxd4 9. Nxd4 Qb6 10. Na3 Ne8 11. Nac2 Nc7 12. Nxc6 bxc6 13. Bxg7 Kxg7 14. Qd4+ f6 15. Qxb6 axb6 16. Bxc6 Rb8 17. Nd4 Ne6 18. Nxe6+ Bxe6 19. a4 Rfc8 20. Bg2 Rc5 21. Rfd1 g5 22. f4 gxf4 23. gxf4 f5 24. Bd5 Bxd5 25. Rxd5 Kf6 26. Rd3 Rg8+ 27. Kf2 Rg4 28. Kf3 Rh4 29. Rh1 d5 30. cxd5 Rh3+ 31. Kf2 Rxd3 32. exd3 Rc3 33. b4 Rb3 34. b5 Ra3 35. Ke2 e5 36. dxe6 Kxe6 37. Rc1 Rxa4 38. Rc6+ Kf7 39. Rxb6 Ra2+ 1-0

[Event "Moscow op-B 04th"]
[Site "Moscow"]
[Date "2008.02.05"]
[Round "4"]
[White "Bobylev, Valentin"]
[Black "Stoljarov, Dmitriy"]
[Result "1-0"]
[WhiteElo "2224"]
[BlackElo "1967"]
[PlyCount "69"]
[EventDate "2008.02.02"]
[EventType "swiss"]
[EventRounds "9"]
[EventCountry "RUS"]
[SourceTitle "CBM 122 Extra"]
[Source "ChessBase"]
[SourceDate "2008.03.04"]
[SourceVersion "1"]
[SourceVersionDate "2008.03.04"]
[SourceQuality "1"]

1. e4 c5 2. Nf3 e6 3. d3 Nc6 4. g3 g6 5. Bg2 Bg7 6. 0-0 Nge7 7. Re1 d6 8. Nbd2 0-0 9. c3 Rb8 10. Nf1 b5 11. h4 b4 12. d4 Qa5 13. cxb4 Qxb4 14. a3 Qb6 15. dxc5 dxc5 16. e5 Rd8 17. N1d2 Rd5 18. Qa4 Ba6 19. Bf1 Bxf1 20. Kxf1 Na5 21. h5 Nec6 22. hxg6 hxg6 23. Qf4 Rbd8 24. Kg2 Qb7 25. Kh2 Qb8 26. b4 cxb4 27. axb4 Qxb4 28. Ne4 Rxe5 29. Nxe5 Bxe5 30. Nf6+ Bxf6 31. Qxf6 Rd5 32. Bb2 Rh5+ 33. Kg1 Qf8 34. Rxe6 Nd8 35. Re8 1-0

[Event "Moscow op-B 04th"]
[Site "Moscow"]
[Date "2008.02.02"]
[Round "1"]
[White "Grabovets, Nadezhda"]
[Black "Bobylev, Valentin"]
[Result "1-0"]
[WhiteElo "1973"]
[BlackElo "2224"]
[PlyCount "78"]
[EventDate "2008.02.02"]
[EventType "swiss"]
[EventRounds "9"]
[EventCountry "RUS"]
[SourceTitle "CBM 122 Extra"]
[Source "ChessBase"]
[SourceDate "2008.03.04"]
[SourceVersion "1"]
[SourceVersionDate "2008.03.04"]
[SourceQuality "1"]

1. c4 e5 2. Nc3 Nc6 3. Nf3 f5 4. d4 e4 5. Bg5 Nf6 6. Ng1 Bb4 7. Rc1 h6 8. Bxf6 Qxf6 9. e3 0-0 10. Nge2 Qf7 11. a3 Be7 12. Nf4 g5 13. Nfd5 Bd8 14. b4 a5 15. Be2 Kh8 16. Bh5 Qg7 17. h3 d6 18. g4 Nb8 19. bxa5 Rxa5 20. Qb3 Nd7 21. gxf5 c6 22. Nb4 c5 23. Nc2 cxd4 24. Nxe4 Nc5 25. Nxc5 dxc5 26. e4 Qe5 27. f3 Bxf5 28. Kd1 Bxe4 29. fxe4 Qxe4 30. Re1 Qf4 31. Qd3 g4 32. hxg4 Bh4 33. Re6 Qf1+ 34. Qxf1 Rxf1+ 35. Ne1 d3 36. Rc3 Ra6 37. Re8+ Kg7 38. Rxd3 Bf2 39. Rd7+ Kf6 1-0

[Event "RUS-ch Seniors"]
[Site "Zvenigorod"]
[Date "2005.12.04"]
[Round "6"]
[White "Bobylev, Valentin"]
[Black "Filippov, Vladimir Mikhailovi"]
[Result "0-1"]
[WhiteElo "2277"]
[BlackElo "2106"]
[PlyCount "106"]
[EventDate "2005.11.28"]
[EventType "swiss"]
[EventRounds "7"]
[EventCountry "RUS"]
[SourceTitle "EXT 2007"]
[Source "ChessBase"]
[SourceDate "2006.11.23"]
[SourceVersion "1"]
[SourceVersionDate "2006.11.23"]
[SourceQuality "1"]

1. e4 g6 2. d4 Bg7 3. Nf3 d6 4. Bc4 c6 5. Nc3 b5 6. Nxb5 cxb5 7. Bd5 e6 8. Bxa8 Ne7 9. d5 e5 10. Be3 0-0 11. Qd2 a6 12. h4 h5 13. 0-0-0 Qc7 14. Kb1 Nd7 15. Qc3 Qb8 16. Bc6 Nf6 17. Qb4 Qc7 18. Bg5 Ng4 19. Bxe7 Qxe7 20. Qd2 Bh6 21. Qe2 Qa7 22. Rdf1 Qc5 23. Nh2 f5 24. exf5 Nxh2 25. Rxh2 Bxf5 26. g3 e4 27. Rhh1 Bg7 28. Qd2 Kh7 29. a3 Qb6 30. Qb4 Qc7 31. Re1 a5 32. Qd2 b4 33. Re3 Rb8 34. a4 Qf7 35. Rb3 Qf6 36. Qe3 Qd8 37. Rf1 Bh6 38. Qd4 Qc7 39. f3 Bg7 40. Qe3 Bh6 41. Qd4 Bg7 42. Qf2 Rf8 43. fxe4 Bxe4 44. Qe2 Bf5 45. Re3 Qf7 46. Re1 Qf6 47. Rb3 Qd4 48. Qe3 Qc4 49. Re2 Bg4 50. Rf2 Rxf2 51. Qxf2 Bf5 52. Kc1 Bh6+ 53. Kd1 Bxc2+ 0-1

[Event "Moscow-ch"]
[Site "Moscow"]
[Date "1999.??.??"]
[Round "8"]
[White "Shinkevich, Vitaly"]
[Black "Bobylev, Valentin"]
[Result "1-0"]
[WhiteElo "2444"]
[BlackElo "2365"]
[PlyCount "79"]
[EventDate "1999.??.??"]
[EventType "swiss"]
[EventRounds "9"]
[EventCountry "RUS"]
[SourceTitle "EXT 2001"]
[Source "ChessBase"]
[SourceDate "2000.11.22"]
[SourceVersion "1"]
[SourceVersionDate "2000.11.22"]
[SourceQuality "1"]

1. e4 e5 2. Nf3 Nc6 3. d4 exd4 4. Nxd4 Bb4+ 5. c3 Be7 6. Bc4 Nf6 7. Nxc6 dxc6 8. Nd2 0-0 9. 0-0 Qd6 10. Qe2 Bg4 11. e5 Qc5 12. Qe1 Nd5 13. Qe4 Be6 14. Bd3 g6 15. Nb3 Qb6 16. Nd4 c5 17. Nxe6 fxe6 18. Qg4 Rf7 19. h4 Raf8 20. Bh6 Rf4 21. Bxf4 Rxf4 22. Qe2 Rxh4 23. g3 Rh5 24. Rae1 Rg5 25. Kh2 Rh5+ 26. Kg2 Qc6 27. Be4 c4 28. f4 b5 29. Rd1 Qd7 30. f5 Rxf5 31. Bxf5 gxf5 32. Qf3 Bc5 33. Rxd5 exd5 34. Qxf5 Qxf5 35. Rxf5 b4 36. e6 c6 37. Kf3 b3 38. axb3 cxb3 39. c4 Bb6 40. cxd5 1-0

[Event "Moscow-ch"]
[Site "Moscow"]
[Date "1997.??.??"]
[Round "7"]
[White "Odesskij, Ilia"]
[Black "Bobylev, Valentin"]
[Result "1-0"]
[WhiteElo "2430"]
[BlackElo "2350"]
[PlyCount "81"]
[EventDate "1997.??.??"]
[EventType "swiss"]
[EventRounds "9"]
[EventCountry "RUS"]
[SourceTitle "EXT 2000"]
[Source "ChessBase"]
[SourceDate "1999.11.16"]
[SourceVersion "1"]
[SourceVersionDate "1999.11.16"]
[SourceQuality "1"]

1. b3 e5 2. Bb2 Nc6 3. c4 f5 4. e3 Nf6 5. a3 a5 6. Nf3 d6 7. d4 e4 8. d5 exf3 9. dxc6 fxg2 10. Bxg2 b6 11. Qd4 Be6 12. Nc3 Be7 13. 0-0-0 Ng4 14. Nd5 Bf6 15. Nxf6+ Qxf6 16. Qxf6 gxf6 17. Bd5 Kf7 18. Rhg1 Rhg8 19. Rg2 Ne5 20. Rdg1 Rxg2 21. Rxg2 Bxd5 22. cxd5 Nd3+ 23. Kb1 b5 24. Bc3 b4 25. Kc2 bxc3 26. Kxd3 Rb8 27. Kxc3 Rb5 28. b4 axb4+ 29. axb4 Rxd5 30. f4 Rd1 31. Kc4 Re1 32. Kb5 Rc1 33. Ra2 Ke7 34. Ra7 Kd8 35. Ra8+ Ke7 36. Rc8 d5 37. Rxc7+ Kd6 38. Rd7+ Ke6 39. Kb6 h5 40. Rd8 Ke7 41. c7 1-0